000 01074nas a2200325 4500
001 BR2011008087
003 BR-BrBNA
005 20231205115832.0
007 ta
008 230509b bl.|||p| |||| 00| 00por d
040 _aBR-BrBNA
_bpor
_cBiblioteca Nacional de Agricultura
041 _a(Pt)
072 _aL73
100 1 _aBerman, R.A.
100 1 _aMuniz, I.M.
100 1 _aQueiroz, G.B. de
100 1 _aBobány, D. de M.
100 1 _aNeuwald, E.B.
100 1 _aGerardi, D.G.
245 1 _aOcorrência de esporotricose em gatos no município de Teresópolis - RJ
246 1 _aIncidence of sporotrichosis in cats in the city of Teresópolis - RJ
650 _aGATO
650 _aDOENÇA ANIMAL
650 _aESPOROTRICOSE
650 _aSPOROTHRIX SCHENCKII
650 _aVETERINÁRIA
773 0 _tMEDVEP. Revista Científica de Medicina Veterinária. Pequenos Animais e Animais de Estimação (Brazil)
_xISSN 1678-1430
_g(Aug-Oct 2003), v. 9(30) p. 391-396
_wBR2011008087
909 _a202311
_bLúcia
_c55
_dLúcia Elande
942 _2AGRIS
_n0
_cANA
999 _c215941
_d215941